[Event "Barcelona Sant Marti op-B 23rd"]
[Site "Barcelona"]
[Date "2023.07.14"]
[Round "2"]
[White "San Isidoro Castillo, Jose"]
[Black "Abascal Vicente, Ignacio"]
[Result "1/2-1/2"]
[WhiteElo "1299"]
[BlackElo "1521"]
[PlyCount "42"]
[EventDate "2023.07.13"]
[EventType "swiss"]
[EventRounds "9"]
[EventCountry "ESP"]
[SourceTitle "CBM 215 Extra"]
[Source "ChessBase"]
[SourceDate "2023.09.30"]
[SourceVersion "1"]
[SourceVersionDate "2023.09.30"]
[SourceQuality "1"]

1. d4 Nf6 2. Nf3 g6 3. e3 Bg7 4. Be2 d6 5. c4 Nbd7 6. Nc3 0-0 7. 0-0 c5 8. d5 Nb6 9. e4 Nfd7 10. Qc2 Ne5 11. Nxe5 Bxe5 12. Be3 f5 13. f4 Bg7 14. exf5 Bxf5 15. Qd2 e5 16. fxe5 Bxe5 17. Bd3 Qd7 18. Bxf5 Rxf5 19. Rxf5 Qxf5 20. Qe2 Rf8 21. Nb5 Qe4 1/2-1/2

[Event "Barcelona Sant Marti op 10th"]
[Site "Barcelona"]
[Date "2023.01.26"]
[Round "3"]
[White "Coll Granell, Jorge"]
[Black "San Isidoro Castillo, Jose"]
[Result "1-0"]
[WhiteElo "1627"]
[BlackElo "1323"]
[PlyCount "59"]
[EventDate "2023.01.12"]
[EventType "swiss"]
[EventRounds "9"]
[EventCountry "ESP"]
[SourceTitle "CBM 213 Extra"]
[Source "ChessBase"]
[SourceDate "2023.05.31"]
[SourceVersion "1"]
[SourceVersionDate "2023.05.31"]
[SourceQuality "1"]

1. e4 e6 2. d4 d5 3. e5 c5 4. c3 Nc6 5. Nf3 Qb6 6. a3 Na5 7. b4 cxb4 8. cxb4 Nc6 9. Bd3 Bd7 10. Be3 Nge7 11. Nc3 Nf5 12. Bxf5 exf5 13. Nxd5 Qd8 14. 0-0 Be6 15. Nf4 Be7 16. d5 g5 17. Nxe6 fxe6 18. dxc6 bxc6 19. Qxd8+ Rxd8 20. Nxg5 Rd5 21. Nf3 Kd7 22. Bxa7 f4 23. Rfd1 Kc7 24. Rxd5 exd5 25. Bd4 h5 26. Rc1 Ra8 27. Bb2 Kb6 28. Nd4 Rc8 29. Ne6 c5 30. Nxf4 1-0

[Event "Barcelona Sant Marti op 10th"]
[Site "Barcelona"]
[Date "2023.01.12"]
[Round "1"]
[White "San Isidoro Castillo, Jose"]
[Black "Bieg Pagel, Clemens"]
[Result "0-1"]
[WhiteElo "1323"]
[BlackElo "1762"]
[PlyCount "69"]
[EventDate "2023.01.12"]
[EventType "swiss"]
[EventRounds "9"]
[EventCountry "ESP"]
[SourceTitle "CBM 213 Extra"]
[Source "ChessBase"]
[SourceDate "2023.05.31"]
[SourceVersion "1"]
[SourceVersionDate "2023.05.31"]
[SourceQuality "1"]

1. d4 d5 2. Bf4 Nf6 3. e3 c5 4. Nd2 Nc6 5. Ngf3 e6 6. c3 cxd4 7. exd4 Nh5 8. Bg5 f6 9. Bh4 Bd6 10. Bb5 Nf4 11. 0-0 Qb6 12. a4 0-0 13. Bg3 Ne7 14. Re1 a6 15. Bf1 Qxb2 16. Qb3 Qxb3 17. Nxb3 Neg6 18. a5 e5 19. dxe5 fxe5 20. Bxf4 Rxf4 21. Rad1 Be6 22. Ng5 Re8 23. Nxe6 Rxe6 24. Rxd5 e4 25. Nd4 Ref6 26. Re2 Ne5 27. g3 Nf3+ 28. Kg2 Rg6 29. Nxf3 exf3+ 30. Kg1 fxe2 31. Bxe2 Rf8 32. c4 Rc8 33. Bd3 Rf6 34. Bf5 Rc5 35. Bc8 0-1

[Event "Barcelona Sant Marti op-B 22nd"]
[Site "Barcelona"]
[Date "2022.07.15"]
[Round "3"]
[White "San Isidoro Castillo, Jose"]
[Black "Gallego Obrador, Aaron"]
[Result "0-1"]
[WhiteElo "1381"]
[BlackElo "1648"]
[PlyCount "64"]
[EventDate "2022.07.13"]
[EventType "swiss"]
[EventRounds "9"]
[EventCountry "ESP"]
[SourceTitle "CBM 210 Extra"]
[Source "ChessBase"]
[SourceDate "2022.11.30"]
[SourceVersion "1"]
[SourceVersionDate "2022.11.30"]
[SourceQuality "1"]

1. d4 d5 2. Bf4 Bf5 3. c4 e6 4. Nc3 Nf6 5. Qb3 Nc6 6. e3 Na5 7. Qb5+ c6 8. Qa4 Nxc4 9. Bxc4 dxc4 10. Qxc4 Qb6 11. b3 Bb4 12. Nge2 Ne4 13. f3 Nxc3 14. Nxc3 Qa5 15. Kd2 Qa3 16. Rhc1 Qb2+ 17. Kd1 Bxc3 18. Qxc3 Qxg2 19. e4 Bg6 20. Rc2 Qh3 21. Rf2 Bxe4 22. Qe3 Bg6 23. Kd2 Qf5 24. Rc1 Rd8 25. b4 Qd5 26. Kc3 0-0 27. Rd2 a5 28. Bc7 axb4+ 29. Kxb4 Ra8 30. Rc5 Qd7 31. Bb6 Ra6 32. Ba5 b6 0-1

[Event "Barcelona Sant Marti op-B 21st"]
[Site "Barcelona"]
[Date "2019.07.15"]
[Round "3"]
[White "Franzoni Ladron, De Guevara Enric"]
[Black "San Isidoro Castillo, Jose"]
[Result "1-0"]
[WhiteElo "1743"]
[BlackElo "1359"]
[PlyCount "39"]
[EventDate "2019.07.13"]
[EventType "swiss"]
[EventRounds "9"]
[EventCountry "ESP"]
[SourceTitle "EXT 2020"]
[Source "ChessBase"]
[SourceDate "2019.10.17"]
[SourceVersion "1"]
[SourceVersionDate "2019.10.17"]
[SourceQuality "1"]

1. Nf3 Nf6 2. b3 e6 3. Bb2 d5 4. e3 c5 5. c4 Bd6 6. Be2 0-0 7. 0-0 Nc6 8. d4 cxd4 9. exd4 Re8 10. Ne5 Qc7 11. f4 Nd7 12. Nd2 Ncxe5 13. fxe5 Be7 14. Bd3 Nf8 15. Qf3 Bg5 16. Rad1 dxc4 17. Nxc4 Rb8 18. Ba3 Ng6 19. Bxg6 hxg6 20. Bd6 1-0

[Event "Benidorm FEDC op 22th"]
[Site "Benidorm"]
[Date "2019.06.12"]
[Round "4"]
[White "San Isidoro Castillo, Jose"]
[Black "Gonzalez Acosta, Francisco"]
[Result "1/2-1/2"]
[WhiteElo "1346"]
[BlackElo "1512"]
[PlyCount "42"]
[EventDate "2019.06.09"]
[EventType "swiss"]
[EventRounds "7"]
[EventCountry "ESP"]
[SourceTitle "EXT 2024"]
[Source "ChessBase"]
[SourceDate "2023.10.10"]
[SourceVersion "1"]
[SourceVersionDate "2023.10.10"]
[SourceQuality "1"]

1. d4 Nf6 2. Nf3 d6 3. c4 g6 4. Bf4 Bg7 5. e3 Nh5 6. Bg5 h6 7. Bh4 g5 8. Nfd2 Nf6 9. Bg3 Bf5 10. Nc3 Nbd7 11. Be2 e5 12. dxe5 Nxe5 13. 0-0 0-0 14. h3 Re8 15. e4 Bg6 16. Re1 Nc6 17. f3 Nh5 18. Bh2 Nd4 19. Bd3 Ne6 20. Rb1 Nhf4 21. Bf1 Qd7 1/2-1/2

[Event "Benidorm FEDC op 22th"]
[Site "Benidorm"]
[Date "2019.06.11"]
[Round "3"]
[White "Arcas Rodriguez, Jordi"]
[Black "San Isidoro Castillo, Jose"]
[Result "1/2-1/2"]
[WhiteElo "1565"]
[BlackElo "1346"]
[PlyCount "123"]
[EventDate "2019.06.09"]
[EventType "swiss"]
[EventRounds "7"]
[EventCountry "ESP"]
[SourceTitle "EXT 2024"]
[Source "ChessBase"]
[SourceDate "2023.10.10"]
[SourceVersion "1"]
[SourceVersionDate "2023.10.10"]
[SourceQuality "1"]

1. d4 Nf6 2. c4 e6 3. Nc3 Bb4 4. Qc2 d5 5. e3 Ne4 6. a3 Bxc3+ 7. bxc3 0-0 8. cxd5 exd5 9. Nf3 Nd7 10. Bd3 Ndf6 11. 0-0 h6 12. c4 Be6 13. cxd5 Bxd5 14. Bc4 Bxc4 15. Qxc4 c6 16. h3 Rc8 17. Bd2 Qd7 18. Bb4 Rfe8 19. Ne5 Qe6 20. Qxe6 Rxe6 21. f3 Ng3 22. Rfe1 Nd5 23. Kf2 Nf5 24. Rad1 Nxb4 25. axb4 Nd6 26. Rc1 Nb5 27. Nd3 Re7 28. d5 Rec7 29. dxc6 Rxc6 30. Rxc6 Rxc6 31. Rc1 Rxc1 32. Nxc1 Kf8 33. Nd3 Ke7 34. e4 b6 35. Ke3 Ke6 36. f4 g6 37. g4 a5 38. bxa5 bxa5 39. Kd2 a4 40. Nc5+ Kd6 41. Nxa4 Nd4 42. Ke3 Ne6 43. Nc3 f6 44. h4 g5 45. hxg5 hxg5 46. f5 Nf4 47. Nb5+ Kc5 48. Nd4 Ng2+ 49. Kd3 Nf4+ 50. Kc3 Ng2 51. Ne6+ Kd6 52. Kd4 Nf4 53. Nxg5 fxg5 54. e5+ Ke7 55. Ke4 Ne2 56. Kd5 Nc3+ 57. Kd4 Nb5+ 58. Kc5 Nc7 59. Kc6 Ne8 60. Kd5 Nc7+ 61. Kc6 Ne8 62. Kd5 1/2-1/2

[Event "Benidorm FEDC op 22th"]
[Site "Benidorm"]
[Date "2019.06.09"]
[Round "1"]
[White "Garcia Andrinal, Antonio"]
[Black "San Isidoro Castillo, Jose"]
[Result "1-0"]
[WhiteElo "1666"]
[BlackElo "1346"]
[PlyCount "97"]
[EventDate "2019.06.09"]
[EventType "swiss"]
[EventRounds "7"]
[EventCountry "ESP"]
[SourceTitle "EXT 2024"]
[Source "ChessBase"]
[SourceDate "2023.10.10"]
[SourceVersion "1"]
[SourceVersionDate "2023.10.10"]
[SourceQuality "1"]

1. e4 c5 2. Nf3 Nc6 3. d4 cxd4 4. Nxd4 Nf6 5. Nc3 e5 6. Ndb5 d6 7. Bg5 a6 8. Bxf6 gxf6 9. Na3 b5 10. Nd5 f5 11. exf5 Bxf5 12. c3 Bg7 13. Nc2 0-0 14. a4 Be6 15. g3 Ne7 16. Bg2 Bxd5 17. Bxd5 Nxd5 18. Qxd5 Qd7 19. axb5 Qxb5 20. Qxb5 axb5 21. Ke2 f5 22. Rhd1 Rfd8 23. Rxd6 Rxd6 24. Rxa8+ Kf7 25. Nb4 Rb6 26. Ra7+ Kg6 27. f3 Bf8 28. Nd3 Bd6 29. h4 h5 30. Ra8 e4 31. Nf4+ Bxf4 32. gxf4 Re6 33. Rb8 exf3+ 34. Kxf3 Re1 35. Rxb5 Rh1 36. Re5 Rxh4 37. Re2 Rh3+ 38. Kg2 Rd3 39. Rf2 h4 40. Rc2 h3+ 41. Kh2 Rf3 42. b4 Rxf4 43. Kxh3 Rc4 44. b5 Rc8 45. c4 Kf6 46. b6 Ke6 47. c5 Kd5 48. b7 Rb8 49. c6 1-0

[Event "Almunecar FEDC op 21th"]
[Site "Almunecar"]
[Date "2018.10.08"]
[Round "7"]
[White "San Isidoro Castillo, Jose"]
[Black "Castillo Perez, Ana Maria"]
[Result "1-0"]
[WhiteElo "1361"]
[BlackElo "1134"]
[PlyCount "77"]
[EventDate "2018.10.02"]
[EventType "swiss"]
[EventRounds "7"]
[EventCountry "ESP"]
[SourceTitle "EXT 2024"]
[Source "ChessBase"]
[SourceDate "2023.10.10"]
[SourceVersion "1"]
[SourceVersionDate "2023.10.10"]
[SourceQuality "1"]

1. d4 Nf6 2. Nf3 e6 3. Bf4 Bb4+ 4. c3 a5 5. cxb4 axb4 6. e3 0-0 7. Bd3 d5 8. Qc2 g6 9. Qxc7 Qxc7 10. Bxc7 Nbd7 11. Nbd2 b6 12. Ne5 Ra7 13. Nxd7 Bxd7 14. Bxb6 Ra6 15. Bc5 Rb8 16. 0-0 Raa8 17. Nf3 Kg7 18. Bd6 Rb6 19. Be5 Rc8 20. Rfc1 Rcb8 21. Bxb8 Rxb8 22. b3 h5 23. h3 Kh6 24. Ne5 Be8 25. Rc7 Rd8 26. Nxf7+ Bxf7 27. Rxf7 Nh7 28. Rb7 Rf8 29. Rxb4 Rf7 30. a4 Nf6 31. a5 Ne8 32. a6 Ra7 33. Rb7 Rxa6 34. Rxa6 Nf6 35. Re7 Nh7 36. Rexe6 Kg5 37. Rxg6+ Kh4 38. Kh2 Ng5 39. g3# 1-0

[Event "Almunecar FEDC op 21th"]
[Site "Almunecar"]
[Date "2018.10.04"]
[Round "3"]
[White "Gamiz Campana, Francisco Javier"]
[Black "San Isidoro Castillo, Jose"]
[Result "1-0"]
[WhiteElo "1750"]
[BlackElo "1361"]
[PlyCount "81"]
[EventDate "2018.10.02"]
[EventType "swiss"]
[EventRounds "7"]
[EventCountry "ESP"]
[SourceTitle "EXT 2024"]
[Source "ChessBase"]
[SourceDate "2023.10.10"]
[SourceVersion "1"]
[SourceVersionDate "2023.10.10"]
[SourceQuality "1"]

1. e4 e5 2. Nf3 Nc6 3. Bc4 Nf6 4. Ng5 d5 5. exd5 b5 6. Bf1 Nd4 7. c3 Nf5 8. Bxb5+ Bd7 9. Qe2 Bxb5 10. Qxb5+ Nd7 11. Ne4 Be7 12. b3 0-0 13. Ba3 Re8 14. Bxe7 Rxe7 15. Na3 Nb6 16. c4 Nd4 17. Qb4 a5 18. Qc3 Re8 19. f3 a4 20. b4 f5 21. Nf2 Rc8 22. Rc1 c6 23. dxc6 Rxc6 24. c5 Nd5 25. Qc4 Kh8 26. 0-0 Nf4 27. Kh1 Nde2 28. g3 Nxc1 29. Qxc1 Nd3 30. Qc3 Nxf2+ 31. Rxf2 Re7 32. Nc4 Qd4 33. Qxd4 exd4 34. d3 Re1+ 35. Kg2 Rce6 36. f4 Rc1 37. Kf3 Kg8 38. a3 Rc3 39. Rd2 Kf8 40. b5 Ke8 41. Ne5 1-0

[Event "Benidorm FEDC op 20th"]
[Site "Benidorm"]
[Date "2018.06.12"]
[Round "3"]
[White "Rafael Recio, Maria Paloma"]
[Black "San Isidoro Castillo, Jose"]
[Result "1-0"]
[WhiteElo "1089"]
[BlackElo "1389"]
[PlyCount "93"]
[EventDate "2018.06.10"]
[EventType "swiss"]
[EventRounds "7"]
[EventCountry "ESP"]
[SourceTitle "CBM 184 Extra"]
[Source "ChessBase"]
[SourceDate "2018.06.28"]
[SourceVersion "1"]
[SourceVersionDate "2018.06.28"]
[SourceQuality "1"]

1. e4 e5 2. Nf3 d6 3. Bc4 Be7 4. 0-0 Nf6 5. Nc3 c6 6. d4 Nbd7 7. dxe5 dxe5 8. Bd2 0-0 9. a3 b5 10. Bd3 Qc7 11. b4 a6 12. Ne2 c5 13. c3 c4 14. Bc2 Bb7 15. Ng3 Rfe8 16. Qe2 Rad8 17. Nf5 Bf8 18. Ng5 g6 19. Ng3 Bg7 20. Qf3 Nf8 21. Rad1 Bc8 22. Qe2 Ne6 23. Nf3 Nf4 24. Qe3 Ng4 25. Qc5 Qxc5 26. bxc5 Bb7 27. a4 Bc6 28. axb5 axb5 29. Ra1 Ra8 30. Rxa8 Rxa8 31. h3 Nf6 32. Nxe5 Rc8 33. Bxf4 Ne8 34. Nxc6 Rxc6 35. e5 Rxc5 36. Re1 Nc7 37. Rd1 Rd5 38. e6 fxe6 39. Bxc7 Rxd1+ 40. Bxd1 Bxc3 41. Ne4 Bg7 42. Bf3 b4 43. Nc5 c3 44. Bd1 Kf8 45. Nxe6+ Kf7 46. Nxg7 Kxg7 47. Bb3 1-0

[Event "Almunecar FEDC op 19th"]
[Site "Almunecar"]
[Date "2017.10.04"]
[Round "5.9"]
[White "San Isidoro Castillo, Jose"]
[Black "Balmiza Jimenez, Francisco"]
[Result "0-1"]
[WhiteElo "1397"]
[BlackElo "1730"]
[PlyCount "44"]
[EventDate "2017.09.30"]
[EventType "swiss"]
[EventRounds "7"]
[EventCountry "ESP"]
[SourceTitle "EXT 2024"]
[Source "ChessBase"]
[SourceDate "2023.10.10"]
[SourceVersion "1"]
[SourceVersionDate "2023.10.10"]
[SourceQuality "1"]

1. e4 e5 2. Nf3 Nf6 3. d3 Nc6 4. c3 Bc5 5. Nbd2 Ng4 6. d4 exd4 7. h3 Nxf2 8. Kxf2 dxc3+ 9. Ke1 cxd2+ 10. Bxd2 0-0 11. Bc3 Re8 12. Qd5 d6 13. Ng5 Be6 14. Nxe6 Rxe6 15. Rd1 Qh4+ 16. Kd2 Qxe4 17. Qxe4 Rxe4 18. Bd3 Re7 19. Rhf1 Bb4 20. Kc2 Bxc3 21. Kxc3 g6 22. Rf3 Rae8 0-1

[Event "Madrid FEDC-ch 25th"]
[Site "Madrid"]
[Date "2016.11.07"]
[Round "2"]
[White "Sanchez Ruiz, Justo"]
[Black "San Isidoro Castillo, Jose"]
[Result "1-0"]
[WhiteElo "1632"]
[BlackElo "1409"]
[PlyCount "89"]
[EventDate "2016.11.06"]
[EventType "swiss"]
[EventRounds "8"]
[EventCountry "ESP"]
[SourceTitle "CBM 175 Extra"]
[Source "ChessBase"]
[SourceDate "2016.12.12"]
[SourceVersion "1"]
[SourceVersionDate "2016.12.12"]
[SourceQuality "1"]

1. e4 e5 2. Bc4 Be7 3. Nf3 d6 4. d4 exd4 5. Nxd4 Nf6 6. Nc3 0-0 7. 0-0 c6 8. h3 Nxe4 9. Nxe4 d5 10. Bd3 dxe4 11. Bxe4 Re8 12. Bf3 Nd7 13. Nb3 Nf6 14. Qxd8 Rxd8 15. Be3 Bf5 16. c3 Be4 17. Nd4 c5 18. Nb3 Bxf3 19. gxf3 b6 20. Rad1 Rxd1 21. Rxd1 h6 22. Nc1 c4 23. Ne2 Rd8 24. Rxd8+ Bxd8 25. Nd4 Bc7 26. Nc6 a6 27. Nd4 b5 28. Nc2 Nd5 29. Kf1 a5 30. Ke2 g5 31. Nd4 b4 32. cxb4 axb4 33. Nb5 Be5 34. Bc1 Bf4 35. Be3 c3 36. bxc3 bxc3 37. Kd3 Nb4+ 38. Kxc3 Nxa2+ 39. Kd4 f5 40. Bxf4 gxf4 41. Nd6 Kg7 42. Nxf5+ Kg6 43. Ke5 Nc3 44. Kxf4 Nd5+ 45. Ke5 1-0